区間快速通過駅 - Statistics

General Stats
  • This quiz has been taken 89 times
  • The average score is 40 of 92
Answer Stats
Answer % Correct
尾頭橋
75%
熱田
73%
枇杷島
73%
稲沢
73%
清洲
71%
木曽川
71%
南大高
68%
大高
67%
笠寺
67%
三河安城
66%
苗穂
64%
白石
64%
東刈谷
64%
野田新町
64%
平和
63%
定光寺
63%
西岡崎
62%
古虎渓
62%
東部市場前
58%
柏原
58%
逢妻
56%
鴫野
56%
平野
55%
加美
55%
八尾
55%
上野幌
53%
長島
53%
三郷
53%
美章園
53%
長居
53%
竹下
52%
高井田
51%
河内堅上
51%
杉本町
51%
鶴ケ丘
49%
我孫子町
49%
ししぶ
49%
志紀
48%
南田辺
48%
浅香
47%
鴻池新田
47%
徳庵
47%
猪名寺
47%
箱崎
47%
百舌鳥
45%
塚口
45%
北伊丹
45%
新宮中央
45%
九産大前
45%
東福間
44%
春日
44%
肥前旭
44%
笹原
42%
都府楼南
42%
永和
41%
水城
41%
上野芝
40%
遠賀川
40%
けやき台
40%
津久野
38%
天拝山
37%
弥生が丘
37%
銀水
37%
稲荷
36%
水巻
36%
教育大前
34%
黄檗
33%
木幡
32%
野崎
32%
田代
32%
JR藤森
30%
桃山
29%
塚本
29%
西牟田
29%
渡瀬
29%
千鳥
27%
吉野
27%
南瀬高
26%
青井
22%
六町
22%
流山セントラルパーク
21%
柏たなか
21%
西諫早
16%
現川
16%
市布
15%
肥前古賀
15%
諏訪
14%
岩松
11%
昭和島
10%
整備場
10%
天空橋
10%
新整備場
10%
No matching quizzes found
Score Distribution
Percent of People with Each Score
Percentile by Number Answered
Your Score History
You have not taken this quiz